000 00283nam a22001337a 4500
008 170403b xxu||||| |||| 00| 0 eng d
020 _a11922450
041 _aeng
080 _a574
100 _a9
101 _aSHM
245 _aTHE SECRET GARDEN
_cBODANIS, D
942 _2udc
_cBK
999 _c9581
_d9581